| 000 | 00630nam a22001577a 4500 | ||
|---|---|---|---|
| 020 | _a978-0-143-10376-9 | ||
| 082 |
_a823 _bMUR/D |
||
| 100 | _aMURTY, SUDHA | ||
| 245 | _aDOLLAR BAHU | ||
| 246 |
_aDOLLAR BAHU _bDOLLAR BAHU |
||
| 260 |
_aINDIA _bPENGUIN _c2023 |
||
| 300 | _a142 | ||
| 520 | _aDollar Bahu narrates the story of Vinuta, a simple girl and an orphan, looked after by her uncles and aunts. She is married off to Girish, a simple bank clerk, who utterly obeys his mother. But Vinuta's mother-in-law, Gouramma never acknowledges her selfless attitude, and Vinuta stays silent. | ||
| 650 | _aENGLISH FICTION | ||
| 942 | _cBK | ||
| 999 |
_c8993 _d8993 |
||